000 00252nam a2200109 a 4500
005 20140414093828.0
008 970101s19uu xx 00 eng d
050 _aVHS 600
_bR 03
245 _aPlumbing & Pipefitting.
942 _cAVM
999 _c108545
_d108545